A classification and synopsis of the Trochilidæ. (Record no. 52652)

MARC details
000 -LEADER
fixed length control field 00787cam a22002411 4500
001 - CONTROL NUMBER
control field s 13000097
003 - CONTROL NUMBER IDENTIFIER
control field DLC
005 - DATE AND TIME OF LATEST TRANSACTION
control field 20260227111910.0
008 - FIXED-LENGTH DATA ELEMENTS--GENERAL INFORMATION
fixed length control field 771212s1879 dcua f001 0 eng c
010 ## - LIBRARY OF CONGRESS CONTROL NUMBER
LC control number s 13000097
035 ## - SYSTEM CONTROL NUMBER
System control number (OCoLC)3486420
040 ## - CATALOGING SOURCE
Original cataloging agency Smithsonian Inst. Library
Transcribing agency NGenoU
Modifying agency NGenoU
-- DLC
042 ## - AUTHENTICATION CODE
Authentication code premarc
050 00 - LIBRARY OF CONGRESS CALL NUMBER
Classification number Q11
Item number .S68
100 1# - MAIN ENTRY--PERSONAL NAME
Personal name Elliot, Daniel Giraud,
Dates associated with a name 1835-1915.
245 12 - TITLE STATEMENT
Title A classification and synopsis of the Trochilidæ.
Statement of responsibility, etc. By Daniel Giraud Elliot.
260 ## - PUBLICATION, DISTRIBUTION, ETC.
Place of publication, distribution, etc. [Washington,
Name of publisher, distributor, etc. Smithsonian Institution,
Date of publication, distribution, etc. 1879]
300 ## - PHYSICAL DESCRIPTION
Extent xii, 277 p.
Other physical details illus.
Dimensions 32 cm.
490 0# - SERIES STATEMENT
Series statement Smithsonian contributions to knowledge. [vol. XXIII, art. 5]
490 0# - SERIES STATEMENT
Series statement Smithsonian Institution publication 317.
650 #0 - SUBJECT ADDED ENTRY--TOPICAL TERM
Topical term or geographic name entry element Birds.
650 #0 - SUBJECT ADDED ENTRY--TOPICAL TERM
Topical term or geographic name entry element Hummingbirds.

No items available.

Powered by Koha